معجم مصطلحات الجغرافيا و التاريخ / (رقم التسجيلة. 39454)

تفاصيل مارك
000 -LEADER
fixed length control field 00531nam a22001817a 4500
005 - DATE AND TIME OF LATEST TRANSACTION
control field 20251108170104.0
008 - FIXED-LENGTH DATA ELEMENTS--GENERAL INFORMATION
fixed length control field 250721s2003 xx 000 0 ara d
082 14 - DEWEY DECIMAL CLASSIFICATION NUMBER
Classification number م/903/نبه
100 1# - MAIN ENTRY--PERSONAL NAME
Personal name نبهان، يحيى
245 10 - TITLE STATEMENT
Title معجم مصطلحات الجغرافيا و التاريخ /
264 1# - PRODUCTION, PUBLICATION, DISTRIBUTION, MANUFACTURE, AND COPYRIGHT NOTICE
Place of production, publication, distribution, manufacture عمان :
Name of producer, publisher, distributor, manufacturer دار يافا للنشر،
Date of production, publication, distribution, manufacture, or copyright notice 2003.
300 ## - PHYSICAL DESCRIPTION
Extent 447ص.
650 17 - SUBJECT ADDED ENTRY--TOPICAL TERM
Topical term or geographic name as entry element الجغرافيا
650 17 - SUBJECT ADDED ENTRY--TOPICAL TERM
Topical term or geographic name as entry element التاريخ
650 17 - SUBJECT ADDED ENTRY--TOPICAL TERM
Topical term or geographic name as entry element معاجم المصطلحات
942 ## - ADDED ENTRY ELEMENTS (KOHA)
Source of classification or shelving scheme Dewey Decimal Classification
Koha item type مراجع
المقتنيات
حالة السحب حالة الفقدان مصدر التصنيف حالة التلف غير قابل للإعارة المكتبة الرئيسية المكتبة الحالية موقع الرف تاريخ التزويد الرقم المتسلسل Total Checkouts رقم الإستدعاء الباركود تاريخ آخر ظهور تاريخ الفاتورة نوع المادة (كوها)
    Dewey Decimal Classification     المكتبة المركزية المكتبة المركزية مقتنيات قسم التزويد 28/07/2025 761100   م/903/نبه   28/07/2025 28/07/2025 مراجع
    Dewey Decimal Classification   Not For Loan مكتبة أبو علندا العامة مكتبة أبو علندا العامة مراجع 14/11/2015 572985   م/903/نبه PLD00364575 28/07/2025 14/11/2015 مراجع
    Dewey Decimal Classification     مكتبة أم المؤمنين للأطفال مكتبة أم المؤمنين للأطفال الأطفال 28/07/2025 777186   م/903/نبه DUP-01_777186 28/07/2025 28/07/2025 مراجع
    Dewey Decimal Classification   Not For Loan مكتبة الأميرة سلمى مكتبة الأميرة سلمى مراجع 28/07/2025 634008   م/903/نبه 634008 28/07/2025 28/07/2025 مراجع
    Dewey Decimal Classification   Not For Loan مكتبة البراءة للأطفال مكتبة البراءة للأطفال مراجع 18/11/2013 777179   م/903/نبه PLD00286594 28/07/2025 18/11/2013 مراجع
    Dewey Decimal Classification   Not For Loan مكتبة الجويدة مكتبة الجويدة مراجع 15/06/2015 572981   م/903/نبه PLD00331233 28/07/2025 15/06/2015 مراجع
    Dewey Decimal Classification     مكتبة الراية الهاشمية للأطفال مكتبة الراية الهاشمية للأطفال الأطفال 17/09/2015 1466336   م/903/نبه PLD00348008 28/07/2025 17/09/2015 مراجع
    Dewey Decimal Classification     مكتبة الراية الهاشمية للأطفال مكتبة الراية الهاشمية للأطفال الأطفال 08/10/2015 590626   م/903/نبه PLD00353533 28/07/2025 08/10/2015 مراجع
    Dewey Decimal Classification   Not For Loan مكتبة حمزة العامة مكتبة حمزة العامة مراجع 09/02/2016 572983   م/903/نبه PLD00372608 28/07/2025 09/02/2016 مراجع
    Dewey Decimal Classification   Not For Loan مكتبة وادي السير العامة مكتبة وادي السير العامة مراجع 06/07/2004 572986   م/903/نبه 572986 28/07/2025 06/07/2004 مراجع
    Dewey Decimal Classification     مكتبةمؤتة مكتبةمؤتة الإعارة 03/09/2018 1679198   م/903/نبه PLD00429432 28/07/2025 03/09/2018 مراجع
Implemented & Customized by: BBB with SCIT (Smart Chains for Information Technology)

Powered by Koha